Datum a čas kvízu

32.5 Celkem bodů Celkový počet nahraných bodů na tomto kvízu bez doplňovacích otázek.
6. Pořadí na kvízu Konečné umístění týmu na tomto kvízu.

Zaznamenané odpovědi

# Otázka Odpověď Body Výsledky
1. Který český politik zveřejnil... Vít Rakušan 0
2. Švédské království ve čtvrtek... 32. členem 1
3. V sobotu večer se v pražském R... Simona Peková, Přišla v noci 0.5
4. Ve středu vstoupila na český t... Partners 0
5. Ve čtvrtek byla odehrána evrop... 3 : 9 0
6. Začneme prvním českým králem p... Přemysl Otakar II., 1278 1
7. Další „slavnou“ prohrou, která... stoletá válka 1
8. Za naši slavnou prohru lze ozn... D 1
9. Bitva na Bílé hoře v roce 1620... D) 2 hodiny 1
10. Mnichovská dohoda je typickým... appeasement 1